000 00638cam a22002051i 4500
001 ca 34001136
003 DLC
005 20260227111133.0
008 770124s1928 nyu 000 0 eng
010 _aca 34001136
035 _a(OCoLC)2698465
040 _aDLC
_cMNoW
_dOCoLC
_dDLC
050 0 0 _aPS3507.I87
_bL6 1928
082 _a812.5
100 1 _aDivine, Charles,
_d1889--
245 1 0 _aLove in an attic :
_ba play in one act /
_cby Charles Divine.
260 _aNew York :
_bFrench,
_c1928.
300 _a24 cm. :
_bill. ;
_c19 cm.
490 0 _aFrench's international copyrighted edition of the works of the best authors ;
_vno. 692
999 _c17443
_d17443